[Event "US Open-115"]
[Site "Orlando"]
[Date "2014.08.03"]
[Round "9"]
[White "Krienke, Makaio W"]
[Black "Schmakel, Sam A"]
[Result "1/2-1/2"]
[WhiteElo "2167"]
[BlackElo "2305"]
[PlyCount "67"]
[EventDate "2014.07.26"]
[EventType "swiss"]
[EventRounds "9"]
[EventCountry "USA"]
[SourceTitle "CBM 161 Extra"]
[Source "ChessBase"]
[SourceDate "2014.08.29"]
[SourceVersion "1"]
[SourceVersionDate "2014.08.29"]
[SourceQuality "1"]

1. d4 f5 2. Bf4 Nf6 3. Nf3 g6 4. e3 Bg7 5. Be2 d6 6. Nbd2 0-0 7. h4 Qe8 8. c3 Nc6 9. Qb3+ e6 10. 0-0-0 Rb8 11. Ne1 h6 12. Nd3 b5 13. Bf3 a5 14. Qc2 Bd7 15. e4 fxe4 16. Nxe4 Nd5 17. Bg3 b4 18. Nxd6 cxd6 19. Bxd5 exd5 20. Bxd6 bxc3 21. bxc3 Nxd4 22. cxd4 Ba4 23. Qc3 Rc8 24. Nc5 Rf6 25. Be5 Rxf2 26. Rd2 Rxd2 27. Kxd2 Bxe5 28. Qe3 Bd6 29. Nxa4 Bb4+ 30. Ke2 Rc2+ 31. Kf3 Qf7+ 32. Kg3 Bd6+ 33. Kh3 Kh7 34. Qd3 1/2-1/2